60s-70s UK bands and city 3 - Statistics

General Stats
  • This quiz has been taken 59 times
  • The average score is 5 of 13
Answer Stats
Hint Explanation Answer % Correct
Beatles Liverpool
78%
Queen London
78%
Genesis Surrey county, South East England Godalming (Surrey)
41%
T. Rex London
38%
Judas Priest Birmingham
32%
Led Zeppelin London
32%
Billy J. Kramer & the Dakotas the Dakotas were a backing band formed in Manchester in the beginning of the 60s. In 1963 they started to play with the singer Billy J. Kramer from Liverpool. The band name was changed and big success followed for both parts. Manchester & Liverpool
30%
Jeff Beck Group London
27%
the Birds London
27%
the Cult West Yorkshire Bradford
24%
Dave Clark Five London
24%
Procul Harum Essex county, South East England Southend-on-Sea
16%
Hawkind London
8%
No matching quizzes found
Score Distribution
Percent of People with Each Score
Percentile by Number Answered
Your Score History
You have not taken this quiz